|
|
|
|
| LEADER |
01063nam a22002657a 4500 |
| 001 |
35512 |
| 003 |
BD-DhAAL |
| 005 |
20211206131633.0 |
| 008 |
200308t1984 enka b 000 0 eng d |
| 999 |
|
|
|c 42306
|d 42306
|
| 020 |
|
|
|a 0063182696
|
| 040 |
|
|
|a BD-DhAAL
|
| 082 |
|
|
|a 510
|2 23
|
| 100 |
|
|
|a Rees, Ruth,
|d 1929-
|9 39830
|
| 245 |
|
|
|a Diagnosis and prescription in the classroom :
|b some common maths problems /
|c Ruth Rees and George Barr.
|
| 260 |
|
|
|a London :
|b Harper & Row,
|c 1984.
|
| 300 |
|
|
|a 228 pages :
|b illustrations ;
|c 21 cm.
|
| 504 |
|
|
|a Includes bibliographical references (pages [225]-228) and index.
|
| 526 |
|
|
|a BIED
|
| 541 |
|
|
|a Complimentary copy from BIED
|e 35512
|
| 650 |
|
|
|a Mathematics.
|9 39831
|
| 700 |
|
|
|a Barr, George,
|d 1956-
|9 39832
|
| 852 |
|
|
|a Ayesha Abed Library
|c BIED Collection
|
| 942 |
|
|
|2 ddc
|c BK
|
| 952 |
|
|
|0 0
|1 0
|2 ddc
|4 0
|6 510_000000000000000_REE
|7 0
|9 68112
|a BRACUL
|b BRACUL
|c GEN
|d 2020-03-08
|e Complimentary copy from BIED
|l 2
|m 2
|o 510 REE
|p 3010035512
|r 2025-12-10
|s 2025-11-03
|t 1
|w 2020-03-08
|y BK
|x Transferred from BIED to General Stacks
|